| 000 | 00000nam##2200000za#4500 |
| 001 | 9.632888 |
| 003 | CaOODSP |
| 005 | 20210624215040 |
| 007 | cr ||||||||||| |
| 008 | 150407|2001||||xxc|||||o f|0| 0 fre|d |
| 040 | |aCaOODSP|bfre |
| 043 | |an-cn--- |
| 086 | 1 |aSW21-85/2001F-PDF |
| 110 | 1 |aCanada. |bCondition féminine Canada. |
| 245 | 10|aLes femmes des Premières nations, la gouvernance et la Loi sur les Indiens : |h[ressource électronique]|brecueil de rapports de recherche en matière de politiques / |cpar Judith F. Sayers ... [et al.]. |
| 260 | |aOttawa - Ontario : |bCondition féminine Canada |c2001. |
| 300 | |a189p. |
| 500 | |aLe n° de catalogue et l'ISBN de l'édition imprimée 2001 ont été incorrectement copiés dans cette édition électronique. |
| 504 | |aBibliographie. |
| 590 | |a06-10-Supp|b2006-12-15 |
| 691 | 07|aAutochtones|2gcpds |
| 691 | 07|aFemme|2gcpds |
| 691 | 07|aPolitique|2gcpds |
| 691 | 07|aRecherche|2gcpds |
| 691 | 07|aLignes directrices|2gcpds |
| 720 | 1 |aSayers, Judith F. |
| 775 | 08|tFirst Nations women, governance and the Indian Act : |w(CaOODSP)9.688463 |
| 776 | 0#|tLes femmes des Premières nations, la gouvernance et la Loi sur les Indiens : |w(CaOODSP)9.681664 |
| 856 | 40|ahttp://publications.gc.ca|qPDF|s1257 Ko|uhttps://publications.gc.ca/collections/Collection/SW21-85-2001F.pdf |